000 00967nam a2200181Ia 4500
999 _c7855
_d7855
005 20230418171112.0
008 230418s9999 xx 000 0 und d
040 _aUPAN
_cBiblioteca San Vicente
_eRCAA2
041 _aspa
082 _a330.981
_bP747a
110 _aPresidencia de la Repulica de Brasil.
_4aut.
245 0 _a6 años del real:
_b crecimiento y desarrollo social.
_cPresidencia de la Republica de Brasil
260 _aBrasilia:
_bPresidencia de la Republica de Brasil,
_c2000
300 _a82 p.;
_c21 cm
505 _aEconomía I. Inflación. II. Actividad económica III. Sector externo. IV. Empleo y salarios V. Política fiscal y reformas estructurales VI. Ciencia y tecnología Desarrollo local Educación salud Asistencia social Iniciativa privada y acciones sociales Seguridad social Reforma agraria Avanza Brasil Comunidad solidaria Consumo y calidad de vida
650 _2LEMB
_xPolítica económica
_zBrasil
942 _cBK
_2ddc